ARRUPE JESUIT UNIVERSITY

CORONAVIRUS -STOP THE SPREAD - CLEAN,DISINFECT,COVER

The last day of Jesus : (Record no. 117813)

MARC details
000 -LEADER
fixed length control field 00796cam a2200265 a 4500
001 - CONTROL NUMBER
control field 3298390
003 - CONTROL NUMBER IDENTIFIER
control field ARRUPE
005 - DATE AND TIME OF LATEST TRANSACTION
control field 20130917132056.0
008 - FIXED-LENGTH DATA ELEMENTS--GENERAL INFORMATION
fixed length control field 830927s1984 inu b 000 0 eng
010 ## - LIBRARY OF CONGRESS CONTROL NUMBER
LC control number 83073026
020 ## - INTERNATIONAL STANDARD BOOK NUMBER
International Standard Book Number 087793312X (pbk.) :
Terms of availability $2.95
040 ## - CATALOGING SOURCE
Original cataloging agency DLC
Transcribing agency DLC
Modifying agency DLC
041 1# - LANGUAGE CODE
Language code of text/sound track or separate title engger
050 00 - LIBRARY OF CONGRESS CALL NUMBER
Classification number BT431
Item number .L6213 1984
082 00 - DEWEY DECIMAL CLASSIFICATION NUMBER
Classification number 232.9/6
Edition number 19
300 ## - PHYSICAL DESCRIPTION
Dimensions 19 cm.
100 1# - MAIN ENTRY--PERSONAL NAME
Personal name Lohfink, Gerhard,
Dates associated with a name 1934-
9 (RLIN) 270
240 10 - UNIFORM TITLE
Uniform title <a href="Letzte Tag Jesu.">Letzte Tag Jesu.</a>
Language of a work English
245 14 - TITLE STATEMENT
Title The last day of Jesus :
Remainder of title an enriching portrayal of the passion /
Statement of responsibility, etc Gerhard Lohfink.
260 ## - PUBLICATION, DISTRIBUTION, ETC. (IMPRINT)
Place of publication, distribution, etc Notre Dame, Ind. :
Name of publisher, distributor, etc Ave Maria Press,
Date of publication, distribution, etc c1984.
300 ## - PHYSICAL DESCRIPTION
Extent 78 p. ;
500 ## - GENERAL NOTE
General note .
600 00 - SUBJECT ADDED ENTRY--PERSONAL NAME
Personal name Jesus Christ
General subdivision Passion.
9 (RLIN) 271
906 ## - LOCAL DATA ELEMENT F, LDF (RLIN)
a 7
b cbc
c orignew
d 3
e opcn
f 19
g y-gencatlg
942 ## - ADDED ENTRY ELEMENTS (KOHA)
Source of classification or shelving scheme Library of Congress Classification
Koha item type Monograph ( Printed materials)
Holdings
Withdrawn status Lost status Source of classification or shelving scheme Damaged status Not for loan Collection code Home library Current library Shelving location Date acquired Total Checkouts Full call number Barcode Date last seen Price effective from Koha item type
    Library of Congress Classification     Main Collection ARRUPE LIBRARY ARRUPE LIBRARY Main Collection 17/09/2013   BT431 .L6213 1984 46406477 17/09/2013 17/09/2013 Monograph ( Printed materials)

 

Arrupe Library. PO Box MP320 Mt Pleasant, Harare, Zimbabwe
263 242 745411|librarian@aju.ac.zw